Statistics for Countries That Cristiano Ronaldo Scored Against

Click here to take the quiz!

General Stats

  • This quiz has been taken 724 times
    (258 since last reset)
  • The average score is 23 of 41

Answer Stats

CountryGoalsLast% Correct
Spain32018
97%
Sweden72020
86%
Argentina12011
80%
Netherlands42013
80%
Russia32017
76%
Croatia12013
71%
Belgium32016
71%
Denmark32014
69%
Poland12007
68%
Ukraine12019
68%
Wales12016
67%
Iceland12010
66%
Greece12004
66%
Switzerland32019
66%
Hungary42017
65%
Serbia12019
65%
Lithuania72019
64%
Latvia52017
64%
Finland12009
62%
Luxembourg52019
60%
Estonia42016
58%
Slovakia12005
57%
Iran12006
56%
Czech Republic22012
54%
Bosnia and Herzegovina22011
54%
Morocco12018
53%
Andorra62020
52%
Ghana12014
51%
Egypt22018
48%
Northern Ireland32013
44%
North Korea12010
41%
Armenia52015
36%
Saudi Arabia22006
34%
Cyprus22011
34%
Cameroon22014
32%
New Zealand12017
32%
Faroe Islands42017
30%
Azerbaijan22006
29%
Ecuador12013
27%
Kazakhstan22007
24%
Panama12012
23%

Score Distribution

Percentile by Number Answered

Percent of People with Each Score

Your Score History

You have not taken this quiz since the last reset